01537nam a2200265Ia 4500001000900000003000500009005001700014008004100031010001100072040000900083082002200092111020000114245025200314260002700566300001400593410005600607650006100663650001600724650002800740650005400768650005100822650006800873710013100941711019901072dia_2120CHAP20230313110033.0220117s1975 xx 000 0 und d a172658 cCHAP a637.0603 I54 1975 aPeriodo de Sesiones del Comité Mixto FAO-OMS de Expertos Gubernamentales sobre el Código de Principios Referentes a la Leche y los Productos Lácteos (17° : 1975 Abr. 14-19 : Roma, Italia) aInforme /c Periodo de Sesiones del Comité Mixto FAO-OMS de Expertos Gubernamentales sobre el Código de Principios Referentes a la Leche y los Productos Lácteos ; organizada por FAO y OMS en la FAO del 14-19 de abril de 1975 en Roma, Italia aItalia :b FAO,c1975 avi, 67 p. aPROGRAMA CONJUNTO FAO/OMS SOBRE NORMAS ALIMENTICIAS aDairy productsxSanitary and phytosanitary regulations  aFood safety aInocuidad alimentaria  aLechexRegulaciones sanitarias y fitosanitarias  aMilkxSanitary and phytosanitary regulations  aProductos lácteosxRegulaciones sanitarias y fitosanitarias  aOrganización de las Naciones Unidas para la Alimentación y la Agricultura (FAO) \ Organización Mundial de la Salud (OMS) aPeriodo de Sesiones del Comité Mixto FAO-OMS de Expertos Gubernamentales sobre el Código de Principios Referentes a la Leche y los Productos Lácteos (17° : 1975 Abr. 14-19 : Roma, Italia)